Adobe Photoshop elements 9 Adobe Photoshop elements 9 (Record no. 17316)

MARC details
000 -LEADER
fixed length control field 00385nam a2200145Ia 4500
008 - FIXED-LENGTH DATA ELEMENTS--GENERAL INFORMATION
fixed length control field 230312s9999||||xx |||||||||||||| ||und||
020 ## - INTERNATIONAL STANDARD BOOK NUMBER
International Standard Book Number 9788131705056
082 ## - DEWEY DECIMAL CLASSIFICATION NUMBER
Classification number 006.6
Item number FOL-C
100 ## - MAIN ENTRY--PERSONAL NAME
Personal name Galer,Mark
245 #0 - TITLE STATEMENT
Title Adobe Photoshop elements 9 Adobe Photoshop elements 9
260 ## - PUBLICATION, DISTRIBUTION, ETC.
Name of publisher, distributor, etc. Pearson
Place of publication, distribution, etc. India
Date of publication, distribution, etc. 1996
300 ## - PHYSICAL DESCRIPTION
Extent 1158
650 ## - SUBJECT ADDED ENTRY--TOPICAL TERM
Topical term or geographic name entry element Computer
Form subdivision Computer Graphics
942 ## - ADDED ENTRY ELEMENTS (KOHA)
Koha item type BOOK
Holdings
Withdrawn status Lost status Source of classification or shelving scheme Damaged status Not for loan Home library Current library Date acquired Total Checkouts Full call number Barcode Date last seen Price effective from Koha item type
    Dewey Decimal Classification     Superior Information Resource Center (SIRC) Superior University- Gold Campus Superior Information Resource Center (SIRC) Superior University- Gold Campus 03/13/2023   006.6 FOL-C 18217 03/13/2023 03/13/2023 BOOK

Powered by Koha